Smallest Border Country Game - Statistics

General Stats
  • This quiz has been taken 100 times
  • The average score is 105 of 152
Answers on the Map
Answers color-coded by a green-red scale on the quiz's map according to % correct below.
 
Answer Stats
Country % Correct
Vatican City
100%
Italy
96%
San Marino
93%
Slovenia
86%
Croatia
84%
Albania
80%
Bulgaria
80%
Greece
80%
Kosovo
80%
Montenegro
80%
North Macedonia
80%
Serbia
79%
Austria
77%
Belgium
77%
Bosnia and Herzegovina
77%
Czech Republic
77%
France
77%
Germany
77%
Hungary
77%
Liechtenstein
77%
Luxembourg
77%
Netherlands
77%
Slovakia
77%
Switzerland
77%
Andorra
75%
Monaco
75%
Portugal
75%
Spain
75%
Benin
71%
Burkina Faso
71%
Cameroon
71%
Gambia
71%
Ghana
71%
Guinea
71%
Ivory Coast
71%
Liberia
71%
Mali
71%
Mauritania
71%
Morocco
71%
Niger
71%
Nigeria
71%
Senegal
71%
Togo
71%
Angola
70%
Armenia
70%
Azerbaijan
70%
Bangladesh
70%
Bhutan
70%
Botswana
70%
Brunei
70%
Central African Republic
70%
China
70%
Democratic Republic of the Congo
70%
Djibouti
70%
Egypt
70%
Equatorial Guinea
70%
Eritrea
70%
Eswatini
70%
Ethiopia
70%
Gabon
70%
Georgia
70%
Guinea-Bissau
70%
India
70%
Indonesia
70%
Iran
70%
Iraq
70%
Israel
70%
Jordan
70%
Kazakhstan
70%
Kenya
70%
Kuwait
70%
Kyrgyzstan
70%
Laos
70%
Lebanon
70%
Lesotho
70%
Malawi
70%
Malaysia
70%
Mozambique
70%
Myanmar
70%
Namibia
70%
Nepal
70%
Oman
70%
Qatar
70%
Republic of the Congo
70%
Rwanda
70%
Saudi Arabia
70%
Sierra Leone
70%
Somalia
70%
South Africa
70%
South Sudan
70%
Sudan
70%
Syria
70%
Tajikistan
70%
Tanzania
70%
Thailand
70%
Turkey
70%
Turkmenistan
70%
Uganda
70%
United Arab Emirates
70%
Uzbekistan
70%
Vietnam
70%
Yemen
70%
Zambia
70%
Zimbabwe
70%
Burundi
68%
Cambodia
68%
East Timor
68%
Papua New Guinea
68%
Afghanistan
66%
Estonia
66%
Latvia
66%
North Korea
66%
Pakistan
66%
Russia
66%
South Korea
66%
Belarus
64%
Finland
64%
Moldova
64%
Mongolia
64%
Norway
64%
Poland
64%
Romania
64%
Sweden
64%
Ukraine
64%
Lithuania
63%
Libya
61%
Algeria
59%
Brazil
59%
Chad
59%
Colombia
59%
Costa Rica
59%
Guyana
59%
Honduras
59%
Nicaragua
59%
Panama
59%
Suriname
59%
Tunisia
59%
Venezuela
59%
Argentina
57%
Belize
57%
Bolivia
57%
Canada
57%
Chile
57%
Denmark
57%
Ecuador
57%
El Salvador
57%
Guatemala
57%
Mexico
57%
Paraguay
57%
Peru
57%
United States
57%
Uruguay
57%
No matching quizzes found
Score Distribution
Percent of People with Each Score
Percentile by Number Answered
Your Score History
You have not taken this quiz